000 00512nam a2200181Ia 4500
005 20250326142120.0
008 250326s9999 xx 000 0 und d
037 _aTextbook
040 _aFMSL
_beng
_cFMSL
041 _aeng
_2eng
084 _qFMSL
100 _aRobbins Stephen P
245 0 _aOrganizational behavior : Concepts, controversies and applications
_cRobbins Stephen P
260 _aPrentice
_bPrentice, Hall of India
_c1983
300 _a588p
942 _cTB
999 _c1293505
_d1293505